Catalog

Record Details

Catalog Search



My heart stood still #2 [Large Print] / Lori ... Read More

Copeland, Lori,(author.).

Available copies

  • 1 of 1 copy available at LARL/NWRL Consortium. (Show)
  • 1 of 1 copy available at Lake Agassiz Regional Library.

Current holds

0 current holds with 1 total copy.

Show Only Available Copies
Location Call Number / Copy Notes Barcode Shelving Location Status Due Date
Crookston Public Library LARGE PRINT C COP (Text) 33500012036190 Main Available -

Record details

  • ISBN: 9781410474650 (hardcover)
  • ISBN: 1410474658 (hardcover)
  • Physical Description: 351 pages (large print) ; 23 cm.
  • Edition: Large print edition.
  • Publisher: Waterville, Maine : Thorndike Press, 2015.

Content descriptions

Summary, etc.:
Anne-Marie McDougal, the middle sister, is saved ... Read More
Subject: Sisters > Fiction.
Man-woman relationships > Fiction.
Swindlers and swindling > Fiction.
United States > History > Civil War, 1861-1865 > Fiction.
Texas > Fiction.
Large type books.
Large type books.
Genre: Love stories.
Christian fiction.
Western stories.
LDR 02162cam a22005058i 4500
001178216
003LARL_NWRL_CONSORTIUM
00520150407125407.0
008141202s2015 meu d 000 1 eng
010 . ‡a2014046684
020 . ‡a9781410474650 (hardcover)
020 . ‡a1410474658 (hardcover)
035 . ‡a(OCoLC)897468447
040 . ‡aDLC ‡beng ‡erda ‡cDLC ‡dOCLCO ‡dBTCTA ‡dOCLCF ‡dJNE ‡dZGV ‡dMPC ‡dIUK
042 . ‡apcc
05010. ‡aPS3553.O6336 ‡bM9 2015b
08200. ‡a813/.54 ‡223
1001 . ‡aCopeland, Lori, ‡eauthor. ‡0(LARL_NWRL_CONSORTIUM)104035
24510. ‡aMy heart stood still ‡n#2 ‡h[Large Print] / ‡cLori Copeland.
250 . ‡aLarge print edition.
260 . ‡aWaterville, Maine : ‡bThorndike Press, ‡c2015.
263 . ‡a1503
300 . ‡a351 pages (large print) ; ‡c23 cm.
336 . ‡atext ‡btxt ‡2rdacontent
337 . ‡aunmediated ‡bn ‡2rdamedia
338 . ‡avolume ‡bnc ‡2rdacarrier
340 . ‡nlarge print ‡2rda
4900 . ‡aSisters of Mercy Flats ; ‡v2
520 . ‡aAnne-Marie McDougal, the middle sister, is saved by Creed Walker, a Crow warrior. It's loathing at first sight, but with bandits on their tail and a cache of gold to hide, Creed and Anne-Marie need each other. Will they learn to put aside their differences and trust each other -- and God? And can their growing faith turn their lives around?
650 0. ‡aSisters ‡vFiction. ‡0(LARL_NWRL_CONSORTIUM)167281
650 0. ‡aMan-woman relationships ‡vFiction. ‡0(LARL_NWRL_CONSORTIUM)165985
650 0. ‡aSwindlers and swindling ‡vFiction. ‡0(LARL_NWRL_CONSORTIUM)167282
651 0. ‡aUnited States ‡xHistory ‡yCivil War, 1861-1865 ‡vFiction. ‡0(LARL_NWRL_CONSORTIUM)163006
651 0. ‡aTexas ‡vFiction. ‡0(LARL_NWRL_CONSORTIUM)167647
650 0. ‡aLarge type books. ‡0(LARL_NWRL_CONSORTIUM)24284
650 7. ‡aLarge type books. ‡2fast ‡0(LARL_NWRL_CONSORTIUM)24284
655 7. ‡aLove stories. ‡2gsafd
655 7. ‡aChristian fiction. ‡2gsafd
655 7. ‡aWestern stories. ‡2gsafd
948 . ‡hNO HOLDINGS IN LAL - 256 OTHER HOLDINGS
994 . ‡aZ0 ‡bLAL
901 . ‡a178216 ‡bOCLC ‡c178216 ‡tbiblio

Additional Resources